Biology : SPM
| Main Author: | |
|---|---|
| Format: | Book |
| Published: |
Petaling Jaya :
Pearson Malaysia Sdn. Bhd. ,
2008
|
| Series: | Longman essential
|
| Subjects: |
MARC
| LEADER | 00000cam a2200000 7i4500 | ||
|---|---|---|---|
| 001 | 0000115456 | ||
| 005 | 20080109.0 | ||
| 020 | |a 9789833982776 | ||
| 090 | 0 | 0 | |a 574 |b TEH |
| 100 | 1 | |a Teh Lay Hong, Betsy | |
| 245 | 1 | 0 | |a Biology : |b SPM |c Betsy Teh Lay Hong |
| 260 | |a Petaling Jaya : |b Pearson Malaysia Sdn. Bhd. , |c 2008 | ||
| 300 | |a 649p. ; |c 26cm. | ||
| 490 | 0 | |a Longman essential | |
| 650 | 0 | 0 | |a Biology |x SPM |
| 999 | |a 00208622 |b BUKU |c RUJUKAN ULANGKAJI |e PERPUSTAKAAN KOMUNITI PETALING JAYA | ||